00509nam a2200157Ia 4500003000900000008004100009040001600050080002000066110003400086245011000120260005600230300000900286650001300295650002400308650001900332IN-BaIIA211028s9999 xx 000 0 eng d cIIA Library a621.389.04bPHI aPhilips Gloeilanapenfabrieken 0aPhillps application bookbpractical circuits with 1 series circuits blockscPhilips Gloeilanapenfabrieken aNetherlandbTechnical Publications Departmentc1968 a60p. aCircuits aElectrical Circuits aNASA Thesaurus